000
00285nam a22001337a 4500
008
180917b xxu||||| |||| 00| 0 eng d
020
_a
9780495091080
041
_a
eng
080
_a
316
100
_a
51
101
_a
SOC
245
_a
Sexuality Now
_c
Carro lJ.L
942
_2
udc
_c
BK
999
_c
47846
_d
47846